Catálogo

PASTURE AND RANGE PLANTS (Registro nro. 18912)

Detalles MARC
000 -LEADER
fixed length control field 00368nam a2200145 a 4500
001 - CONTROL NUMBER
control field 18912
005 - DATE AND TIME OF LATEST TRANSACTION
control field 20180713212300.0
008 - FIXED-LENGTH DATA ELEMENTS--GENERAL INFORMATION
fixed length control field 140415s1969 000 0 spa d
041 ## - LANGUAGE CODE
Language code of text/sound track or separate title spa
082 ## - DEWEY DECIMAL CLASSIFICATION NUMBER
Classification number 584.9
Item number PAS
245 00 - TITLE STATEMENT
Title PASTURE AND RANGE PLANTS
260 ## - PUBLICATION, DISTRIBUTION, ETC.
Place of publication, distribution, etc. [s.l.] :
Name of publisher, distributor, etc. PHILLIPS PETROLEUM COMPANY,
Date of publication, distribution, etc. 1969
300 ## - PHYSICAL DESCRIPTION
Extent 176
650 14 - SUBJECT ADDED ENTRY--TOPICAL TERM
Topical term or geographic name entry element FORRAJE
Existencias
Withdrawn status Lost status Source of classification or shelving scheme Damaged status Not for loan Collection code Home library Current library Shelving location Date acquired Source of acquisition Inventory number Total Checkouts Full call number Barcode Date last seen Price effective from Koha item type
    Dewey Decimal Classification     General Biblioteca Karol Wojtyla Biblioteca Karol Wojtyla Sala general 03/12/2013 Compra 151000000000000000001061   584.9 PAS 38348 05/01/2026 03/12/2013 Libro